| 000 | 00808cam a22002773a 4500 | ||
|---|---|---|---|
| 001 | 18690 | ||
| 003 | PGUSA | ||
| 005 | 20140828083410.0 | ||
| 008 | 060626s2006||||xxu|||||s|||||000 1 eng d | ||
| 040 |
_aPGUSA _beng |
||
| 042 | _adc | ||
| 050 | 4 | _aPZ | |
| 100 | 1 |
_aWarner, Susan, _d1819-1885 |
|
| 245 | 1 | 0 |
_aQueechy, Volume I _h[electronic resource] / _cSusan Warner |
| 260 |
_bProject Gutenberg, _c2006 |
||
| 506 | _aPublic domain in the USA. | ||
| 516 | _aElectronic text | ||
| 653 | _aFamily -- Juvenile fiction | ||
| 653 | _aCountry life -- Juvenile fiction | ||
| 653 | _aGrandfathers -- Juvenile fiction | ||
| 653 | _aConduct of life -- Juvenile fiction | ||
| 653 | _aBildungsromans | ||
| 830 | 0 |
_aProject Gutenberg _v18690 |
|
| 856 | 4 | 0 | _uhttp://www.gutenberg.org/ebooks/18690 |
| 942 | _cEB | ||
| 999 |
_c247945 _d247945 |
||